Demonyms of countries ( part 8 ) - Statistics

General Stats
  • This quiz has been taken 8 times
  • The average score is 13 of 15
Answer Stats
Hint Answer % Correct
Andorra Andorran
100%
Bahamas Bahamian
100%
Cambodia Cambodian
100%
Malawi Malawian
100%
Maldives Maldivian
100%
Mongolia Mongolian
100%
Paraguay Paraguayan
100%
Tanzania Tanzanian
100%
Zambia Zambian
100%
Mauritius Mauritian
88%
Sri Lanka Sri Lankan
88%
Belize Belizean
75%
Kosovo Kosovar
75%
Vatican City Vaticanian
63%
Burkina Faso Burkinabe
38%
No matching quizzes found
Score Distribution
Percent of People with Each Score
Percentile by Number Answered
Your Score History
You have not taken this quiz